000 01649nam a2200469 i 4500
001 54629
003 KOSZ 005
005 20220111124443.0
008 080116s2007 pl a f |001 0 pol
015 _aPB 2008/1412
020 _a9788320034011
035 _a991039275649705066
035 _a(PL-WaBN)b20506545-48omnis_nlop
035 _ab20506545
035 _a(OCoLC)750093865
035 _a(PL)b0000002050654
035 _a(EXLNZ-48OMNIS_NETWORK)9910207989105606
040 _aWA N
_cWA N
_dKOSZ 005/HR
046 _k2007
080 _a615.322
080 _a633.88
080 _a(07)
245 0 0 _aFitoterapia i leki roślinne /
_cred. nauk. Eliza Lamer-Zarawska, Barbara Kowal-Gierczak, Jan Niedworok ; aut. Zofia Błach-Olszewska [et al.].
260 _aWarszawa :
_bWydawnictwo Lekarskie PZWL,
_ccop. 2007.
300 _a500 s. :
_bil. ;
_c25 cm.
380 _aKsiążki
504 _aBibliogr. s. 479-480. Indeks.
650 7 _aRośliny lekarskie
_2DBN
650 7 _aZiołolecznictwo
_2DBN
650 2 _aPreparaty roślinne
650 2 _aZielarstwo
655 7 _aPodręcznik
_2DBN
658 _aMedycyna i zdrowie
700 1 _aBłach-Olszewska, Zofia
_eAutor
700 1 _aKowal-Gierczak, Barbara
_d(1926- )
_eRedakcja
700 1 _aLamer-Zarawska, Eliza
_d(1935-2015)
_eRedakcja
700 1 _aNiedworok, Jan
_d(1932- )
_eRedakcja
710 2 _aWydawnictwo Lekarskie PZWL
_4pbl
856 _uhttp://koha.tu.koszalin.pl/cgi-bin/koha/opac-detail.pl?biblionumber=54629
_yKatalog online BPK
942 _2UKD
_cKS
999 _c54629
_d54629